00684nam a2200241 a 4500001001300000003000900013005001700022008004100039020001000080082001600090100002500106245002000131260003500151300000900186500003500195505001300230650002800243700002500271902000800296942000700304952011600311999001500427nice12345678IN_TiNIC20260116011929.0050524s1973 newa grp 000 0 urd  ac10000a922.97bFAR aFarooqi, Ziaul Hasan aAshkhas-O-Afkar aNew DelhibMaktaba Jamiac1973 a244p aincludes index and biblioraphy2 aappendix aMuslims-India-Biography1 aFarooqi, Ziaul Hasan bSRS cBK 001040708StackRoom-aHMIbHMId2007-06-06g100.00l0o922.97 FARp09546r2007-06-06v100.00w2005-05-24yBK c4945d4945